Normale Ansicht MARC-Ansicht ISBD

Leipziger Juden und die DDR : (Titelsatznr. 37788)

[ MARC ]
MARC-Details
000 -Satzkennung
Kontrollfeld mit fester Länge 00602nam a22002171c 4500
001 - Kontrollnummer
Kontrollfeld a987674044
008 - Feld mit fester Länge zur physischen Beschreibung - Allgemeine Angaben
Kontrollfeld mit fester Länge 150707s2014 gw |||| 000u ger d
020 ## - Internationale Standardbuchnummer
Internationale Standardbuchnummer 9783525369975
Verknüpfung 978-3-525-36997-5
041 ## - Sprachcode
Sprachcode des Textes/der Tonspur oder des separaten Titels ger
040 ## - Katalogisierungsquelle
Übertragungsstelle RU-10907106
003 - Kontrollnummer Identifier
Kontrollfeld RU-10907106
100 1# - Haupteintragung - Personenname
Personenname Niether, Hendrik
245 00 - Titel
Titel Leipziger Juden und die DDR :
Zusatz zum Titel Eine Existenzerfahrung im Kalten Krieg
264 ## - Produktion, Veröffentlichung, Distribution, Herstellung und Urheberrechtsvermerk
Herstellungs-, Veröffentlichungs- Vertriebs-, Erzeugungsort Göttingen :
Produzent, Herausgeber, Distributor, Hersteller Vandenhoeck & Ruprecht,
Datum der Herstellung, der Veröffentlichung, des Vertriebs oder des Urheberschutzvermerks 2014
300 ## - Physische Beschreibung
Umfang 348 S.
490 #0 - Gesamttitelangabe
Gesamttitelangabe Schriften des Simon-Dubnow-Instituts
Bandnummer/Folgebezeichnung 21
648 #0 - Nebeneintragung unter einem Schlagwort - Zeitschlagwort
Zeitschlagwort 1945-1989
650 #0 - Nebeneintragung unter einem Schlagwort - Sachschlagwort
Sachschlagwort oder geografischer Name als Eintragungselement Juden
651 #0 - Nebeneintragung unter einem Schlagwort - Geografischer Name
Geografischer Name Leipzig
942 ## - Zusätzliche Felder (Koha)
Koha-Medientyp Monographien
Exemplare
Ausgeschieden Verloren Klassifikation oder Aufstellungssystematik Beschädigt Nicht entleihbar Heimatbibliothek Aufenthaltsbibliothek Aufstellungsort Erwerbungsdatum Inventarnummer Signatur Barcode Letzte Aktivität Preis gültig von Koha-Medientyp
    Andere/Generische Klassifikation     MWN Osteuropa MWN Osteuropa Lesesaal - 1 07/07/2015 15-00900 D 54 o Juden 3 E00401509E32CF83 23/02/2021 22/03/2021 Monographien